Statistics for Greys Anatomy Trivia!

Click here to take the quiz!

General Stats

  • This quiz has been taken 545 times
  • The average score is 16 of 19

Answer Stats

HintAnswer% Correct
Who died after being hit by a bus?George O'Malley
100%
What is Meredith's mum's name?Ellis Grey
97%
What was his nickname?007
96%
Who died shortly after proposing to Izzie Stevens?Denny Duquette
95%
Who was Richard Webber's first wife?Adele Webber
94%
How many children do Meredith and Derek have?3
92%
How many original interns were there?5
92%
Who lost a leg in the plane crash?Arizona Robbins
91%
Who did Callie Torres get pregnant with?Mark Sloan
91%
Who left to work in Switzerland?Christina Yang
89%
What was Derek Shepherd's speciality?Neurology
89%
Who left Christina at the altar?Preston Burke
87%
What was the hospital called at the start of the show?Seattle Grace
87%
Finish this quote- "It's a beautiful day to ..."Save lives
86%
Who did Alex leave Jo for?Izzie Stevens
85%
Who did Miranda Bailey name her son after?George O'Malley
79%
Who almost drowned?Meredith Grey
70%
Finish this quote- "Today you are the ...."Doctors
42%
Who died in the plane crash?Mark Sloan and Lexie Grey
32%

Score Distribution

Percentile by Number Answered

Percent of People with Each Score

Your Score History

You have not taken this quiz